All Urban places in Buryatia - Statistics

General Stats
  • This quiz has been taken 16 times
  • The average score is 7 of 44
Answers on the Map
Answers color-coded by a green-red scale on the quiz's map according to % correct below.
 
Answer Stats
Population answer % Correct
437,565 Ulan-Udè
100%
4,368 Babuškin
20%
4,525 Bagdarin
20%
4,850 Barguzin
20%
8,728 Bičura
20%
24,451 Gusinoozërsk
20%
7,994 Ivolginsk
20%
5,653 Kabansk
20%
6,376 Kižinga
20%
17,877 Kjachta
20%
7,438 Petropavlovka
20%
13,261 Selenginsk
20%
3,655 Suža
20%
7,427 Taksimo
20%
4,250 Tarbagataj
20%
6,193 Ust'-Barguzin
20%
11,365 Zakamensk
20%
8,650 Chorinsk
10%
5,234 Èrchirik
10%
4,535 Gurul'ba
10%
4,202 Il'inka
10%
252 Jančukan
10%
6,334 Kamensk
10%
922 Kičera
10%
5,581 Kurumkan
10%
5,953 Kyren
10%
4,891 Muchoršibir'
10%
2,379 Nauški
10%
3,891 Nižneangarsk
10%
5,092 Nižnije Tal'cy
10%
10,580 Nižnij Sajantuj
10%
4,512 Nižnjaja Ivolga
10%
4,291 Novaja Brjan'
10%
4,032 Novoil'insk
10%
2,908 Novyj Uojan
10%
9,323 Onochoj
10%
15,603 Poselje
10%
4,069 Sagan-Nur
10%
24,233 Severobajkal'sk
10%
923 Severomujsk
10%
6,412 Sosnovo-Ozërskoje
10%
10,871 Sotnikovo
10%
5,628 Turuntajevo
10%
4,842 Zaigrajevo
10%
No matching quizzes found
Score Distribution
Percent of People with Each Score
Percentile by Number Answered
Your Score History
You have not taken this quiz